000 00304 a2200133 4500
005 20250311100755.0
082 _a320.947 HUM
100 _aHUMBARACI, A.
245 _aPortugal's African Wars
260 _aGeneva,
_c1973.
300 _a250p.: map
_bNotes.
_c20cm.
700 _aMUCHNIK, N.
942 _2ddc
_cBKS
999 _c337
_d337